Faculty of Law Library — Cairo University

Official Online Catalog

شائبة الخطأ في الحكم الجنائی : (Record no. 49099)

MARC details
000 -LEADER
fixed length control field 01458nam a2200325 i 4500
003 - CONTROL NUMBER IDENTIFIER
control field EG-GICUC
005 - DATE AND TIME OF LATEST TRANSACTION
control field 20260121101441.0
008 - FIXED-LENGTH DATA ELEMENTS--GENERAL INFORMATION
fixed length control field 251208s1977 ua ||||fr|||| 00| 0 ara d
017 ## - COPYRIGHT OR LEGAL DEPOSIT NUMBER
Copyright or legal deposit number 1977/3056
020 ## - INTERNATIONAL STANDARD BOOK NUMBER
International Standard Book Number 9777283032
040 ## - CATALOGING SOURCE
Original cataloging agency EG-GICUC
Language of cataloging ara
Transcribing agency EG-GICUC
Modifying agency EG-GICUC
Description conventions rda
041 0# - LANGUAGE CODE
Language code of text/sound track or separate title ara
082 04 - DEWEY DECIMAL CLASSIFICATION NUMBER
Edition number 21
Classification number 343.382
Item number م ح . ش
092 04 - LOCALLY ASSIGNED DEWEY CALL NUMBER (OCLC)
Edition number 21
099 ## - LOCAL FREE-TEXT CALL NUMBER (OCLC)
Classification number Law1 10 343.382 م ح . ش 1977
100 0# - MAIN ENTRY--PERSONAL NAME
Personal name محمد زكى أبو على
Relator term مؤلف.
245 10 - TITLE STATEMENT
Title شائبة الخطأ في الحكم الجنائی :
Remainder of title حاولة فقهية وعملية الإرساء نظرية عامة ٧ الخطأ المفترض الخط المحتمل الخطا في القانون الخطأ في الواقع وا الامن الاسنان والأمن الشكل والطرب إعادة الشكر والأمن العارية /
Statement of responsibility, etc. دكتور محمد زكى أبو على.
264 #1 - PRODUCTION, PUBLICATION, DISTRIBUTION, MANUFACTURE, AND COPYRIGHT NOTICE
Place of production, publication, distribution, manufacture الإسكندرىة :
Name of producer, publisher, distributor, manufacturer {دون دار نشر}،
Date of production, publication, distribution, manufacture, or copyright notice 1977.
300 ## - PHYSICAL DESCRIPTION
Extent 569 صفحة ؛
Dimensions 24 سم.
336 ## - CONTENT TYPE
Source rda content
Content type term text
337 ## - MEDIA TYPE
Source rda media
Media type term Computer
338 ## - CARRIER TYPE
Source rda carrier
Carrier type term Online Resource
504 ## - BIBLIOGRAPHY, ETC. NOTE
Bibliography, etc. note . 551-569 ببليوجرافيا: صفحات
546 ## - LANGUAGE NOTE
Language note النص باللغة العربية
650 14 - SUBJECT ADDED ENTRY--TOPICAL TERM
Topical term or geographic name entry element أركان وشروط الأحكام الجنائية
650 14 - SUBJECT ADDED ENTRY--TOPICAL TERM
Topical term or geographic name entry element القانون الجنائي
856 40 - ELECTRONIC LOCATION AND ACCESS
Uniform Resource Identifier <a href="https://fll.law.cu.edu.eg/fulltext/bks/B10-05875.pdf">https://fll.law.cu.edu.eg/fulltext/bks/B10-05875.pdf</a>
905 ## - Cataloger and Reviser Names
Cataloger Name: Roqaia Ahmed
Revisor Name: Hassnaa
942 ## - ADDED ENTRY ELEMENTS (KOHA)
Source of classification or shelving scheme Dewey Decimal Classification
Koha item type Books
Edition 21
Suppress in OPAC No
Holdings
Withdrawn status Lost status Source of classification or shelving scheme Damaged status Not for loan Collection Home library Current library Date acquired Total checkouts Full call number Barcode Date last seen Copy number Price effective from Koha item type
    Dewey Decimal Classification يحتاج إلى ترميم Not for loan القانون الجنائي جــــامعة القــاهرة مكتبة كلية الحقوق - المبنى الرئيسي 08.12.2025   Law1 10 343.382 م ح . ش 1977 1005875 C1 B10-05875 08.12.2025 1 08.12.2025 Books
    Dewey Decimal Classification     القانون الجنائي جــــامعة القــاهرة مكتبة كلية الحقوق - المبنى الرئيسي 12.02.2026   Law1 10 343.382 م ح . ش 1977 1005854 C2 B10-05854 12.02.2026 2 12.02.2026 Books

© All rights reserved — Faculty of Law, Cairo University